| 000 | 00393nam a22001337a 4500 | ||
|---|---|---|---|
| 999 |
_c15726 _d15726 |
||
| 003 | OSt | ||
| 082 |
_a631.3 _bAMA/D |
||
| 088 | _aT 461 | ||
| 100 |
_aAmal Dev J _93972 |
||
| 245 | _aDevelopment and testing of potting mixture filling machine for filling grow bags | ||
| 260 |
_aTavanur _bDepartment of Farm Machinery and Power Engineering _c2019 |
||
| 700 |
_aJayan P r (Guide) _93301 |
||
| 942 | _cTH | ||